[Event "Golden State Class ch"]
[Site "Los Angeles USA"]
[Date "1978.05.29"]
[Round "5"]
[White "Nelson, Terry"]
[Black "Brodie, Hugh"]
[Result "1/2-1/2"]
[WhiteElo "1967"]
[BlackElo "1825"]
[PlyCount "73"]
[EventDate "1978.05.27"]
[EventType "swiss"]
[EventRounds "6"]
[EventCountry "USA"]

1. d4 Nf6 2. c4 e5 3. dxe5 Ng4 4. e4 Nxe5 5. f4 Nbc6 6. Be3 Bb4+ 7. Nd2 Ng6 8.
a3 Bxd2+ 9. Qxd2 d6 10. Nf3 O-O 11. Bd3 Qe7 12. O-O f5 13. exf5 Bxf5 14. g3
Rae8 15. Rae1 Qd7 16. Bxf5 Qxf5 17. Nd4 Nxd4 18. Bxd4 b6 19. Qc3 Qf7 20. f5
Rxe1 21. Rxe1 Qxf5 22. Qe3 c5 23. Bc3 d5 24. cxd5 Qxd5 25. Qe6+ Qxe6 26. Rxe6
Kf7 27. Rc6 Re8 28. Rc7+ Re7 29. Rc8 Nf8 30. Kf2 Nd7 31. b4 Ne5 32. bxc5 bxc5
33. Bxe5 Rxe5 34. Rc7+ Re7 35. Rxc5 Ke6 36. g4 Kd6 37. Ra5 1/2-1/2

[Event "Golden State Class ch"]
[Site "Los Angeles USA"]
[Date "1978.05.29"]
[Round "6"]
[White "Brodie, Hugh"]
[Black "Hopson, A."]
[Result "1-0"]
[WhiteElo "1825"]
[BlackElo "1867"]
[PlyCount "35"]
[EventDate "1978.05.27"]
[EventType "swiss"]
[EventRounds "6"]
[EventCountry "USA"]

1. f4 d5 2. Nf3 c5 3. e3 Nc6 4. b3 Nf6 5. Bb2 e6 6. Bb5 Bd7 7. O-O a6 8. Bxc6
Bxc6 9. d3 Be7 10. Nbd2 b5 11. Ne5 Bb7 12. Qe1 Rc8 13. c4 O-O 14. f5 Nd7 15.
Nxd7 Qxd7 16. f6 Bd6 17. Qh4 dxc4 18. Qg5 1-0

[Event "Paul Keres mem (3rd)"]
[Site "Vancouver CAN"]
[Date "1978.05.19"]
[Round "1"]
[White "Coxe, Paul"]
[Black "Brodie, Hugh"]
[Result "1/2-1/2"]
[WhiteElo "1650"]
[BlackElo "1757"]
[PlyCount "56"]
[EventDate "1978.05.19"]
[EventType "swiss"]
[EventRounds "7"]
[EventCountry "CAN"]

1. e4 c5 2. c3 d5 3. exd5 Qxd5 4. Nf3 Nc6 5. Be2 Nf6 6. O-O Bg4 7. d4 e6 8.
dxc5 Bxc5 9. Qxd5 Nxd5 10. h3 Bh5 11. Bg5 f6 12. Bh4 Nf4 13. Bd1 O-O 14. Nbd2
Rad8 15. Ne4 Bb6 16. Bg3 e5 17. Bb3+ Kh8 18. Bxf4 exf4 19. Rad1 Bxf3 20. gxf3
Ne5 21. Kg2 Ng6 22. Nd6 Nh4+ 23. Kh1 Rd7 24. Be6 Re7 25. Bd5 Re2 26. Rfe1 Rxf2
27. Nf7+ Kg8 28. Nh6+ Kh8 1/2-1/2

[Event "Paul Keres mem (3rd)"]
[Site "Vancouver CAN"]
[Date "1978.05.20"]
[Round "2"]
[White "Brodie, Hugh"]
[Black "Racic, Nick"]
[Result "1/2-1/2"]
[WhiteElo "1757"]
[BlackElo "1635"]
[PlyCount "108"]
[EventDate "1978.05.19"]
[EventType "swiss"]
[EventRounds "7"]
[EventCountry "CAN"]

1. e4 c5 2. Nf3 a6 3. Nc3 Qc7 4. d3 g6 5. g3 Bg7 6. Bg2 e6 7. O-O Ne7 8. Nh4
Nbc6 9. f4 d6 10. Be3 Bd7 11. Qd2 Rd8 12. Rae1 O-O 13. g4 f5 14. gxf5 exf5 15.
Nd1 Bf6 16. Qf2 Nb4 17. Nf3 Rc8 18. a3 Nbc6 19. Bd2 Nd4 20. Bc3 Nec6 21. Kh1
Nxf3 22. Bxf3 Nd4 23. Bg2 Qd8 24. exf5 Bh4 25. Bd5+ Rf7 26. Bxf7+ Kxf7 27.
fxg6+ hxg6 28. Qg2 Bxe1 29. Rxe1 Bc6 30. Re4 Qh4 31. Ne3 Rh8 32. f5 Bxe4 33.
dxe4 Rg8 34. e5 gxf5 35. Qd5+ Kg7 36. Qxb7+ Kh8 37. Nxf5 Qg4 38. Ng3 Qd1+ 39.
Kg2 Qxc2+ 40. Kh3 dxe5 41. Qxa6 Qh7+ 42. Kg2 Qe4+ 43. Kf1 Rf8+ 44. Kg1 Nf3+ 45.
Kh1 Qh7 46. Qe2 Qb1+ 47. Kg2 Qg1+ 48. Kh3 Rf6 49. Bxe5 Nxe5 50. Qxe5 Qd4 51.
Qe8+ Kh7 52. Qe7+ Kg8 53. Qe8+ Kh7 54. Qe7+ Kg8 1/2-1/2

[Event "Paul Keres mem (3rd)"]
[Site "Vancouver CAN"]
[Date "1978.05.20"]
[Round "3"]
[White "Irwin, Robert"]
[Black "Brodie, Hugh"]
[Result "1/2-1/2"]
[WhiteElo "1644"]
[BlackElo "1757"]
[PlyCount "49"]
[EventDate "1978.05.19"]
[EventType "swiss"]
[EventRounds "7"]
[EventCountry "CAN"]

1. e4 c5 2. d4 cxd4 3. c3 Nf6 4. e5 Nd5 5. Qxd4 e6 6. Nf3 Nc6 7. Qe4 d6 8. exd6
Bxd6 9. Bc4 Nf6 10. Qe2 O-O 11. Bg5 a6 12. Nbd2 h6 13. Bxf6 Qxf6 14. Ne4 Qe7
15. Nxd6 Qxd6 16. Rd1 Qc7 17. O-O b5 18. Bd3 Bb7 19. Rfe1 Rac8 20. Be4 Rfd8 21.
h3 Ne7 22. Bxb7 Qxb7 23. Rxd8+ Rxd8 24. Rd1 Qc7 25. Rxd8+ 1/2-1/2

[Event "Paul Keres mem (3rd)"]
[Site "Vancouver CAN"]
[Date "1978.05.21"]
[Round "4"]
[White "Brodie, Hugh"]
[Black "Mulford, B."]
[Result "1/2-1/2"]
[WhiteElo "1757"]
[BlackElo "1700"]
[PlyCount "138"]
[EventDate "1978.05.19"]
[EventType "swiss"]
[EventRounds "7"]
[EventCountry "CAN"]

1. e4 e6 2. d3 d5 3. Nd2 c5 4. Ngf3 Nc6 5. g3 Nf6 6. Bg2 Be7 7. O-O O-O 8. e5
Nd7 9. Re1 Qc7 10. Qe2 b5 11. Nf1 a5 12. h4 f6 13. exf6 Nxf6 14. Bh3 Nd8 15.
Ng5 Ra6 16. Bf4 Qb6 17. Ne3 Bd6 18. Bxd6 Qxd6 19. Ng4 Nxg4 20. Qxg4 Rf6 21. Qe2
Qf8 22. f4 h6 23. Nf3 Nc6 24. Ne5 Nd4 25. Qg2 Nf5 26. Kh2 a4 27. Qd2 d4 28. Re2
h5 29. Bxf5 exf5 30. Rae1 Rfe6 31. Nf3 Rxe2+ 32. Rxe2 Re6 33. Ng5 Re7 34. Qe1
Rxe2+ 35. Qxe2 Bd7 36. Qxh5 Qf6 37. Qe2 Bc6 38. Kg1 Qd6 39. Qe6+ Qxe6 40. Nxe6
Bd5 41. Nxc5 Bxa2 42. Kf2 Bb1 43. Ne6 Bxc2 44. Ke2 b4 45. Nxd4 Bb1 46. Kd2 a3
47. bxa3 bxa3 48. Kc3 a2 49. Nb3 Kf7 50. d4 Ke6 51. Kc4 Kd6 52. Na1 Be4 53. Kc3
Bd5 54. Kb4 Be6 55. Ka3 Bc4 56. Kb4 Kd5 57. Kc3 Ba6 58. Nc2 Ke4 59. d5 Kxd5 60.
Nb4+ Ke4 61. Nxa2 Kf3 62. Kd4 Kxg3 63. Ke5 Bd3 64. Nc3 Kxh4 65. Kd4 Bc2 66. Nd5
Kg3 67. Ke5 Be4 68. Ne7 Kg4 69. Ng6 Bc2 1/2-1/2

[Event "Paul Keres mem (3rd)"]
[Site "Vancouver CAN"]
[Date "1978.05.21"]
[Round "5"]
[White "Campbell, Brett"]
[Black "Brodie, Hugh"]
[Result "0-1"]
[WhiteElo "1610"]
[BlackElo "1757"]
[PlyCount "86"]
[EventDate "1978.05.19"]
[EventType "swiss"]
[EventRounds "7"]
[EventCountry "CAN"]

1. e4 c5 2. Nf3 Nc6 3. d4 cxd4 4. Nxd4 g6 5. b3 Bg7 6. Bb2 Nf6 7. Bd3 O-O 8.
O-O d5 9. exd5 Nxd5 10. Nxc6 bxc6 11. Bxg7 Kxg7 12. Nd2 Qc7 13. Qf3 e5 14. Be4
Be6 15. c4 Ne7 16. Qc3 Kg8 17. Nf3 f6 18. Rad1 Rad8 19. Rd2 Rxd2 20. Nxd2 Rd8
21. f4 f5 22. fxe5 fxe4 23. Nxe4 Nf5 24. Ng5 Qe7 25. Qc1 Kg7 26. Kh1 h6 27. Ne4
Rd4 28. Qe1 Qh4 29. Qxh4 Nxh4 30. Nc5 Bf7 31. e6 Be8 32. e7 Rd2 33. Ne6+ Kh7
34. Nc7 Bd7 35. Rf7+ Kg8 36. Rf8+ Kh7 37. h3 Re2 38. e8=Q Bxe8 39. Rxe8 Rxa2
40. Re7+ Kg8 41. Re6 Kf7 42. g3 Nf3 43. Rxc6 Rh2# 0-1

[Event "Paul Keres mem (3rd)"]
[Site "Vancouver CAN"]
[Date "1978.05.22"]
[Round "6"]
[White "Brodie, Hugh"]
[Black "Cameron, R."]
[Result "1/2-1/2"]
[WhiteElo "1757"]
[BlackElo "1689"]
[PlyCount "138"]
[EventDate "1978.05.19"]
[EventType "swiss"]
[EventRounds "7"]
[EventCountry "CAN"]

1. Nc3 c5 2. e4 d6 3. g3 Nf6 4. d3 g6 5. Bg2 Bg7 6. f4 Nc6 7. Nf3 Bg4 8. h3
Bxf3 9. Qxf3 Nd4 10. Qd1 e6 11. O-O Nd7 12. Ne2 Rb8 13. c3 Nxe2+ 14. Qxe2 O-O
15. Be3 Qc7 16. Qd2 f5 17. d4 fxe4 18. Bxe4 d5 19. Bg2 c4 20. Rae1 Rbe8 21. Bf2
Bh6 22. Re2 Nf6 23. Rfe1 Qd6 24. Bf3 Rf7 25. Kg2 Kf8 26. Be3 Ng8 27. Qc2 Ne7
28. Bg4 Nf5 29. Bc1 b5 30. b3 Kg8 31. bxc4 dxc4 32. Re5 Bg7 33. R5e4 Rfe7 34.
Kh2 h5 35. Bf3 Kf7 36. a4 a6 37. Qa2 Rc7 38. Ba3 Qd7 39. axb5 axb5 40. Bc5 Rcc8
41. R4e2 Bf8 42. Bxf8 Kxf8 43. Qa3+ Kf7 44. Ra2 Rc7 45. Rea1 Ne7 46. Qb2 Nd5
47. Ra5 Rb8 48. Rb1 Rcb7 49. Be4 Ra7 50. Rxa7 Qxa7 51. Ra1 Qb6 52. Qc2 Ne7 53.
Kg2 b4 54. cxb4 Qxb4 55. Ra4 Qb2 56. Rxc4 Qxc2+ 57. Rxc2 Rb4 58. Rd2 Nf5 59.
Bxf5 exf5 60. d5 Ke7 61. Re2+ Kd6 62. Re6+ Kxd5 63. Rxg6 Rb2+ 64. Kf3 Rb3+ 65.
Ke2 Ra3 66. h4 Ra2+ 67. Kf3 Ra3+ 68. Kg2 Ra2+ 69. Kh3 Ra1 1/2-1/2

[Event "Paul Keres mem (3rd)"]
[Site "Vancouver CAN"]
[Date "1978.05.22"]
[Round "7"]
[White "Brodie, Hugh"]
[Black "Westbrok, M."]
[Result "1/2-1/2"]
[WhiteElo "1757"]
[BlackElo "1668"]
[PlyCount "77"]
[EventDate "1978.05.19"]
[EventType "swiss"]
[EventRounds "7"]
[EventCountry "CAN"]

1. e4 e5 2. Nc3 Nf6 3. f4 d5 4. fxe5 Nxe4 5. Nf3 Bg4 6. Qe2 Nxc3 7. bxc3 c5 8.
Qe3 Nc6 9. Bb5 Be7 10. O-O O-O 11. Bxc6 bxc6 12. d4 c4 13. Bd2 Bf5 14. Ne1 Be4
15. Qg3 Rb8 16. Bh6 Bg6 17. Bf4 Rb5 18. a4 Bh4 19. Qh3 Rb7 20. Nf3 Be7 21. e6
Bd6 22. Ne5 Bxe5 23. exf7+ Rbxf7 24. Bxe5 Bxc2 25. a5 Qxa5 26. Bd6 Rxf1+ 27.
Rxf1 Rxf1+ 28. Kxf1 Qd8 29. Qe6+ Kh8 30. Bc5 a6 31. Qxc6 Qf6+ 32. Qxf6 gxf6 33.
Ke2 Kg7 34. g3 a5 35. Kd2 Bd3 36. Kc1 a4 37. Kb2 Kg6 38. h4 Kh5 39. Bd6 1/2-1/2

[Event "Easter/Paques op"]
[Site "Montreal CAN"]
[Date "1978.03.24"]
[Round "1"]
[White "Brodie, Hugh"]
[Black "Callahan, Reynald"]
[Result "1-0"]
[WhiteElo "1766"]
[BlackElo "1404"]
[PlyCount "91"]
[EventDate "1978.03.24"]
[EventType "swiss"]
[EventRounds "6"]
[EventCountry "CAN"]

1. e4 e5 2. Nc3 Bc5 3. Bc4 Nf6 4. d3 d6 5. h3 Be6 6. Bb3 c6 7. Nf3 Qc7 8. O-O
O-O 9. Bg5 Nbd7 10. Na4 Bb4 11. Qe2 d5 12. Nc3 d4 13. Nb1 Bd6 14. Nbd2 b5 15.
c3 c5 16. Rac1 Qb7 17. cxd4 cxd4 18. Bxf6 Nxf6 19. Bxe6 fxe6 20. Rc2 Nh5 21. g3
Rf6 22. Ng5 g6 23. Qg4 Rc8 24. Rfc1 Rxc2 25. Rxc2 Ng7 26. h4 Qd7 27. Nb3 h6 28.
Nh3 Nh5 29. Nc5 Bxc5 30. Rxc5 Kg7 31. Rxe5 Kh7 32. Rc5 Ng7 33. Kg2 a6 34. Qe2
Qb7 35. Qc2 Rf7 36. Nf4 Qd7 37. Rc6 a5 38. Qc5 b4 39. Qd6 Qxd6 40. Rxd6 e5 41.
Nxg6 Ne8 42. Rc6 Rc7 43. Rxc7+ Nxc7 44. Nxe5 Nb5 45. Nc6 Kg6 46. Nxa5 1-0

[Event "Easter/Paques op"]
[Site "Montreal CAN"]
[Date "1978.03.24"]
[Round "2"]
[White "Lorenz, Gabor"]
[Black "Brodie, Hugh"]
[Result "1-0"]
[WhiteElo "2002"]
[BlackElo "1766"]
[PlyCount "109"]
[EventDate "1978.03.24"]
[EventType "swiss"]
[EventRounds "6"]
[EventCountry "CAN"]

1. e4 c5 2. Nf3 Nc6 3. d4 cxd4 4. Nxd4 g6 5. Nc3 Bg7 6. Be3 Nf6 7. f3 Qa5 8.
Qd2 O-O 9. O-O-O Nxd4 10. Bxd4 d6 11. Bc4 Be6 12. Bb3 Bxb3 13. cxb3 Rfc8 14.
Kb1 Nd7 15. Bxg7 Kxg7 16. h4 h6 17. f4 f6 18. g4 Rh8 19. Rdg1 Rag8 20. Qg2 Qa6
21. Rh3 Kf7 22. g5 hxg5 23. fxg5 Qa5 24. Nd5 fxg5 25. Qxg5 Nf6 26. Rf3 Qd8 27.
Rgf1 Rh5 28. Qg4 Rxd5 29. exd5 Qc8 30. Qg5 Qd8 31. Rg1 Ke8 32. h5 Qb6 33. hxg6
Ne4 34. Qg4 Nd2+ 35. Ka1 Nxf3 36. Rc1 Kf8 37. Qxf3+ Kg7 38. Rh1 Kxg6 39. Qg4+
Kf6 40. Qe6+ Kg5 41. Qxe7+ Kg6 42. Qe6+ Kg5 43. Qxg8+ Kf5 44. Qf7+ Ke5 45. Qe6+
Kd4 46. Rd1+ Kc5 47. Qe3+ Kb5 48. Qd3+ Ka5 49. a3 Qb5 50. Qd4 b6 51. Ka2 Qd7
52. Rc1 Qb5 53. Qg7 Ka6 54. Rc7 Qe2 55. Qd7 1-0

[Event "Easter/Paques op"]
[Site "Montreal CAN"]
[Date "1978.03.25"]
[Round "3"]
[White "Brodie, Hugh"]
[Black "Sasseville, Richard"]
[Result "1-0"]
[WhiteElo "1766"]
[BlackElo "1408"]
[PlyCount "91"]
[EventDate "1978.03.24"]
[EventType "swiss"]
[EventRounds "6"]
[EventCountry "CAN"]

1. e4 c5 2. Nf3 g6 3. Nc3 Bg7 4. d3 Nc6 5. g3 d6 6. Bg2 Bd7 7. O-O Qc8 8. Nh4
Bf6 9. Nd5 Bxh4 10. gxh4 Nf6 11. Nxf6+ exf6 12. c3 Bh3 13. Qf3 Bxg2 14. Kxg2
Ne5 15. Qxf6 Qg4+ 16. Kh1 Qf3+ 17. Qxf3 Nxf3 18. Kg2 Ne5 19. Rd1 O-O 20. Bf4
Rfd8 21. Bxe5 dxe5 22. Rd2 Rd6 23. Rad1 Rad8 24. Kg3 f5 25. Kf3 Kg7 26. h5 f4
27. hxg6 hxg6 28. d4 g5 29. d5 Rh8 30. Kg2 g4 31. f3 gxf3+ 32. Kxf3 Rh3+ 33.
Kg2 Re3 34. Rg1 Kf7 35. Kf2 Rxe4 36. Rd3 c4 37. Kf3 Re3+ 38. Rxe3 fxe3 39. Ke4
Rh6 40. Rg2 Rh3 41. Kxe5 b5 42. Kd6 Rf3 43. Re2 Rh3 44. Kd7 a5 45. d6 Kf6 46.
Kc7 1-0

[Event "Easter/Paques op"]
[Site "Montreal CAN"]
[Date "1978.03.25"]
[Round "4"]
[White "Zurowski, Henry"]
[Black "Brodie, Hugh"]
[Result "1-0"]
[WhiteElo "1940"]
[BlackElo "1766"]
[PlyCount "53"]
[EventDate "1978.03.24"]
[EventType "swiss"]
[EventRounds "6"]
[EventCountry "CAN"]

1. g3 e5 2. Bg2 Nc6 3. c4 g6 4. Nc3 Bg7 5. Rb1 d6 6. b4 Nh6 7. d3 O-O 8. b5 Nd4
9. e3 Ne6 10. Nge2 Nc5 11. Ba3 Rb8 12. O-O Bf5 13. Bxc5 dxc5 14. Ne4 b6 15.
N2c3 Be6 16. h4 f6 17. Rb3 Qd7 18. Nd5 Kh8 19. Nec3 Bh3 20. Ra3 Bxg2 21. Kxg2
c6 22. bxc6 Qxc6 23. Rxa7 Ra8 24. Qa4 Qxa4 25. Rxa4 Rfb8 26. Rxa8 Rxa8 27. Rb1
1-0

[Event "Easter/Paques op"]
[Site "Montreal CAN"]
[Date "1978.03.26"]
[Round "5"]
[White "Brodie, Hugh"]
[Black "White, J.Nigel"]
[Result "1/2-1/2"]
[WhiteElo "1766"]
[BlackElo "1850"]
[PlyCount "94"]
[EventDate "1978.03.24"]
[EventType "swiss"]
[EventRounds "6"]
[EventCountry "CAN"]

1. e4 c5 2. Nf3 e6 3. Nc3 d6 4. d3 Nc6 5. g3 g6 6. Bg2 Bg7 7. O-O Nge7 8. Nh4
O-O 9. f4 Nd4 10. Ne2 Qc7 11. c3 Nxe2+ 12. Qxe2 Bd7 13. Be3 Rac8 14. Rae1 b5
15. g4 f5 16. gxf5 exf5 17. d4 Be6 18. b3 cxd4 19. Bxd4 Bd7 20. Bxg7 Kxg7 21.
exf5 Nxf5 22. Nxf5+ Bxf5 23. Qxb5 Qxc3 24. Re7+ Rf7 25. Rxf7+ Kxf7 26. Qb7+ Rc7
27. Qd5+ Kg7 28. Qxd6 Qe3+ 29. Kh1 Rc2 30. Qe5+ Qxe5 31. fxe5 Rxa2 32. Bd5 Re2
33. Ra1 Rxe5 34. Rxa7+ Kf6 35. Bc4 h5 36. Kg2 Kg5 37. b4 Re1 38. Ra3 Rb1 39.
Rb3 Rxb3 40. Bxb3 Be4+ 41. Kg3 h4+ 42. Kf2 Kf4 43. b5 g5 44. b6 g4 45. Be6 g3+
46. hxg3+ hxg3+ 47. Kg1 Bb7 1/2-1/2

[Event "Easter/Paques op"]
[Site "Montreal CAN"]
[Date "1978.03.26"]
[Round "6"]
[White "Coupal, Pierre"]
[Black "Brodie, Hugh"]
[Result "0-1"]
[WhiteElo "1550"]
[BlackElo "1766"]
[PlyCount "40"]
[EventDate "1978.03.24"]
[EventType "swiss"]
[EventRounds "6"]
[EventCountry "CAN"]

1. e4 c5 2. Nf3 Nc6 3. d4 cxd4 4. Nxd4 Nf6 5. Nc3 g6 6. Nxc6 bxc6 7. e5 Ng8 8.
Bc4 Bg7 9. O-O Bxe5 10. Re1 Bg7 11. Bf4 Kf8 12. Nd5 Bb7 13. Nxe7 d5 14. Nxd5
cxd5 15. Bxd5 Bxd5 16. c4 Be6 17. Bd6+ Ke8 18. Qd5 Qc8 19. Rxe6+ fxe6 20. Re1
Kf7 0-1

[Event "Winter op"]
[Site "Toronto CAN"]
[Date "1978.02.04"]
[Round "1"]
[White "Theodorovich, Ivan"]
[Black "Brodie, Hugh"]
[Result "1/2-1/2"]
[WhiteElo "2118"]
[BlackElo "1766"]
[PlyCount "121"]
[EventDate "1978.02.04"]
[EventType "swiss"]
[EventRounds "5"]
[EventCountry "CAN"]

1. Nf3 d6 2. g3 e5 3. d3 Nc6 4. Bg2 g6 5. O-O Bg7 6. c3 Nge7 7. Nbd2 O-O 8. a4
Bd7 9. e4 Qc8 10. Nc4 f5 11. Ne1 f4 12. b4 Bg4 13. f3 Be6 14. a5 a6 15. Rb1 Kh8
16. Qe2 g5 17. g4 Ng6 18. Rf2 Nh4 19. h3 Bf6 20. Bf1 Ne7 21. Ng2 Neg6 22. Bb2
Kg7 23. d4 exd4 24. cxd4 d5 25. Nd2 Qd7 26. Qd3 Rad8 27. e5 Be7 28. Qb3 c6 29.
Bd3 Rh8 30. Nf1 h5 31. Nxh4 Nxh4 32. Be2 hxg4 33. fxg4 Rh6 34. Nh2 Rdh8 35. Bf1
Qc8 36. Bc1 R8h7 37. Qd3 Bf7 38. Qc3 Be6 39. Bd2 Ng6 40. Qf3 Nh4 41. Qd1 Ng6
42. Rb3 Qd7 43. Be1 Nh4 44. Ra2 Ng6 45. Bg2 Qc8 46. Rc2 Qd7 47. Rcc3 Rh8 48.
Bf1 Nh4 49. Bxh4 Rxh4 50. Rc2 Bd8 51. Bg2 Be7 52. Bf1 Bd8 53. Rcc3 Be7 54. Rf3
Bd8 55. Rfc3 Be7 56. Rf3 Bd8 57. Rfc3 Be7 58. Rb2 Bd8 59. Bg2 Be7 60. Rcb3 Bd8
61. Bf1 1/2-1/2

[Event "Winter op"]
[Site "Toronto CAN"]
[Date "1978.02.04"]
[Round "2"]
[White "Brodie, Hugh"]
[Black "Lawson, Andrew"]
[Result "0-1"]
[WhiteElo "1766"]
[BlackElo "1847"]
[PlyCount "115"]
[EventDate "1978.02.04"]
[EventType "swiss"]
[EventRounds "5"]
[EventCountry "CAN"]

1. Nf3 Nf6 2. g3 d5 3. Bg2 c6 4. O-O Bf5 5. d3 e6 6. Nbd2 Be7 7. Re1 h6 8. c3
a5 9. Nd4 Bh7 10. e4 O-O 11. Qe2 Na6 12. a4 Nc5 13. f3 Qb6 14. Kh1 Rfd8 15. Nf1
Qa6 16. Rd1 dxe4 17. fxe4 Ncxe4 18. Bxh6 Nc5 19. Bg5 Bxd3 20. Qe1 Rd7 21. Nf3
Bh7 22. Rxd7 Ncxd7 23. Rd1 Rd8 24. Ne3 Nc5 25. Ne5 Nd3 26. Nxd3 Rxd3 27. Rc1
Qa7 28. h3 Qc5 29. h4 Ne4 30. Bxe7 Qxe7 31. Bf1 Rd7 32. Bg2 Qc5 33. Ng4 Qf5 34.
Ne3 Qe5 35. Kh2 Nf6 36. Nc4 Qc5 37. Ne5 Rd8 38. Nf3 Qb6 39. b4 axb4 40. cxb4
Ng4+ 41. Kh1 Nf2+ 42. Kh2 Nd3 43. Qg1 Qxg1+ 44. Rxg1 Nxb4 45. Ng5 Bf5 46. Rc1
f6 47. Nf3 Kf7 48. Rc4 Nd3 49. g4 Bh7 50. a5 Ra8 51. Ra4 e5 52. Nd2 Nc5 53. Ra3
Ke7 54. Nc4 Rd8 55. Nb6 Rd2 56. Kg1 Rd4 57. Kf2 Rxg4 58. Nc8+ 0-1

[Event "Winter op"]
[Site "Toronto CAN"]
[Date "1978.02.04"]
[Round "3"]
[White "Heinrich, Helmut"]
[Black "Brodie, Hugh"]
[Result "1-0"]
[WhiteElo "1725"]
[BlackElo "1766"]
[PlyCount "69"]
[EventDate "1978.02.04"]
[EventType "swiss"]
[EventRounds "5"]
[EventCountry "CAN"]

1. e4 c5 2. c3 d5 3. exd5 Qxd5 4. d4 cxd4 5. cxd4 Nc6 6. Nf3 Bg4 7. Nc3 Qa5 8.
Bb5 e6 9. O-O Nf6 10. d5 exd5 11. Nxd5 Nxd5 12. Qxd5 Qd8 13. Qe4+ Be6 14. Bg5
Be7 15. Bxe7 Kxe7 16. Rad1 Qc7 17. Rfe1 Rad8 18. Qh4+ Ke8 19. Nd4 Rd6 20. Nf5
Rxd1 21. Nxg7+ Kd7 22. Rxd1+ Kc8 23. Nxe6 fxe6 24. Qe4 e5 25. g3 Nd4 26. Bf1
Nc6 27. Rc1 Rg8 28. b4 Rg6 29. b5 Qd6 30. bxc6 bxc6 31. Bg2 Kd7 32. Qa4 Qc7 33.
Rd1+ Ke7 34. Qh4+ Ke8 35. Be4 1-0

[Event "Winter op"]
[Site "Toronto CAN"]
[Date "1978.02.05"]
[Round "4"]
[White "Brodie, Hugh"]
[Black "Bohnen, M."]
[Result "1-0"]
[WhiteElo "1766"]
[BlackElo "1708"]
[PlyCount "67"]
[EventDate "1978.02.04"]
[EventType "swiss"]
[EventRounds "5"]
[EventCountry "CAN"]

1. e4 e6 2. d3 c5 3. Nd2 d5 4. Ngf3 Nf6 5. g3 Be7 6. Bg2 O-O 7. O-O Nc6 8. Re1
b5 9. h4 a5 10. e5 Ne8 11. Nf1 b4 12. N1h2 Ba6 13. Ng4 Rb8 14. Ng5 Nd4 15. Bf4
a4 16. Nf3 Nxf3+ 17. Qxf3 a3 18. b3 Nc7 19. Bh3 d4 20. Qe2 Nd5 21. Bd2 Bb7 22.
Bg2 Qa5 23. Be4 Qa8 24. Nh2 f6 25. exf6 Bxf6 26. Qh5 Rf7 27. Bxh7+ Kf8 28. Bg6
Ne3 29. Bxf7 g6 30. Bxg6 Bh1 31. f3 Bg2 32. Bxe3 dxe3 33. Kxg2 Bxa1 34. Rxa1
1-0

[Event "Winter op"]
[Site "Toronto CAN"]
[Date "1978.02.05"]
[Round "5"]
[White "Groleau, Gilles"]
[Black "Brodie, Hugh"]
[Result "1/2-1/2"]
[WhiteElo "1750"]
[BlackElo "1766"]
[PlyCount "90"]
[EventDate "1978.02.04"]
[EventType "swiss"]
[EventRounds "5"]
[EventCountry "CAN"]

1. e4 c5 2. Nc3 Nc6 3. g3 g6 4. Bg2 Bg7 5. d3 d6 6. Nf3 e5 7. O-O Nge7 8. Ne1
O-O 9. f4 f5 10. fxe5 dxe5 11. exf5 Nxf5 12. Ne4 c4 13. Nf3 cxd3 14. Qxd3 Qxd3
15. cxd3 Nb4 16. g4 Nd4 17. Nxd4 Rxf1+ 18. Kxf1 exd4 19. Nf2 Nc2 20. Bd5+ Kf8
21. Rb1 Ne3+ 22. Bxe3 dxe3 23. Nd1 e2+ 24. Kxe2 Bxg4+ 25. Kf1 Rb8 26. Kg2 Bd4
27. Nc3 Bxc3 28. bxc3 Be2 29. d4 b6 30. Re1 Re8 31. Kf2 Bb5 32. Rxe8+ Kxe8 33.
Kg3 Ke7 34. Kf4 Kf6 35. h4 h6 36. c4 Ba6 37. c5 bxc5 38. dxc5 g5+ 39. hxg5+
hxg5+ 40. Kg3 Ke5 41. Bg2 Kd4 42. c6 Kc5 43. Kg4 Bb5 44. c7 Bd7+ 45. Kxg5 Kb6
1/2-1/2

[Event "Vermont op"]
[Site "Burlington USA"]
[Date "1977.11.12"]
[Round "1"]
[White "Chandler, Clifford"]
[Black "Brodie, Hugh"]
[Result "0-1"]
[WhiteElo "1500"]
[BlackElo "1812"]
[PlyCount "38"]
[EventDate "1977.11.12"]
[EventType "swiss"]
[EventRounds "5"]
[EventCountry "USA"]

1. e4 c5 2. c3 d5 3. Bb5+ Bd7 4. Bxd7+ Qxd7 5. exd5 Qxd5 6. Qf3 Nf6 7. d3 e6 8.
Qxd5 Nxd5 9. Nf3 Nc6 10. O-O Bd6 11. Re1 O-O 12. Na3 Rad8 13. Nc4 Bf4 14. Be3
Bxe3 15. Nxe3 Nf4 16. d4 cxd4 17. cxd4 Nxd4 18. Nxd4 Rxd4 19. Nc2 Rd2 0-1

[Event "Vermont op"]
[Site "Burlington USA"]
[Date "1977.11.12"]
[Round "2"]
[White "Brodie, Hugh"]
[Black "Rogers, Geoff"]
[Result "1-0"]
[WhiteElo "1812"]
[BlackElo "1767"]
[PlyCount "29"]
[EventDate "1977.11.12"]
[EventType "swiss"]
[EventRounds "5"]
[EventCountry "USA"]

1. e4 e5 2. Nc3 Nf6 3. f4 exf4 4. e5 Nd5 5. Nxd5 Qh4+ 6. Ke2 Bc5 7. d4 f3+ 8.
Nxf3 Qe4+ 9. Ne3 Bb6 10. Qd3 d5 11. exd6 Qe6 12. dxc7 Bxc7 13. Kf2 O-O 14. Qc4
Qe7 15. Nd5 1-0

[Event "Vermont op"]
[Site "Burlington USA"]
[Date "1977.11.12"]
[Round "3"]
[White "Brodie, Hugh"]
[Black "Thibault, James"]
[Result "0-1"]
[WhiteElo "1812"]
[BlackElo "2224"]
[PlyCount "56"]
[EventDate "1977.11.12"]
[EventType "swiss"]
[EventRounds "5"]
[EventCountry "USA"]

1. e4 e6 2. d3 d5 3. Nd2 Nf6 4. Ngf3 b6 5. g3 dxe4 6. dxe4 Bc5 7. Bg2 Ba6 8. c4
e5 9. O-O Qe7 10. a3 Bb7 11. b4 Bd6 12. Nh4 g6 13. Re1 a5 14. bxa5 Rxa5 15. Nb3
Ra8 16. a4 Nc6 17. Bh6 Nd7 18. Qg4 Nc5 19. Nxc5 Bxc5 20. Be3 Na5 21. Rac1 Bc6
22. Qd1 O-O 23. Qg4 Bxe3 24. Rxe3 Bxa4 25. Bh3 Kh8 26. Rec3 Nb3 27. Rb1 Nd4 28.
f4 h5 0-1

[Event "Vermont op"]
[Site "Burlington USA"]
[Date "1977.11.13"]
[Round "4"]
[White "Hunt, E."]
[Black "Brodie, Hugh"]
[Result "0-1"]
[WhiteElo "1550"]
[BlackElo "1812"]
[PlyCount "64"]
[EventDate "1977.11.12"]
[EventType "swiss"]
[EventRounds "5"]
[EventCountry "USA"]

1. c4 e5 2. Nc3 Nc6 3. g3 g6 4. Bg2 Bg7 5. d3 d6 6. Nf3 Nge7 7. Bd2 Bd7 8. O-O
Qc8 9. a3 O-O 10. Rc1 Bh3 11. b4 Bxg2 12. Kxg2 f5 13. e4 Qd7 14. Qb3 Kh8 15.
Nd5 f4 16. b5 Nd8 17. Bc3 fxg3 18. fxg3 Ne6 19. Qb2 Nc5 20. Qc2 Rae8 21. d4
Nxd5 22. cxd5 exd4 23. Bxd4 Bxd4 24. Nxd4 Qg4 25. Nb3 Rxf1 26. Rxf1 Rxe4 27.
Qc3+ Kg8 28. Qf6 Nd7 29. Qd8+ Kg7 30. Qxc7 Re2+ 31. Kg1 Qh3 32. Rf2 Re1+ 0-1

[Event "Vermont op"]
[Site "Burlington USA"]
[Date "1977.11.13"]
[Round "5"]
[White "Hunt, Adam"]
[Black "Brodie, Hugh"]
[Result "0-1"]
[WhiteElo "1615"]
[BlackElo "1812"]
[PlyCount "108"]
[EventDate "1977.11.12"]
[EventType "swiss"]
[EventRounds "5"]
[EventCountry "USA"]

1. e4 c5 2. Nf3 Nc6 3. d4 cxd4 4. Nxd4 Nf6 5. Nc3 g6 6. Bc4 Bg7 7. Be3 Qa5 8.
f3 Qb4 9. Nxc6 bxc6 10. Bb3 O-O 11. Qd2 d6 12. a3 Qa5 13. O-O-O c5 14. Nd5
Qxd2+ 15. Rxd2 Nxd5 16. Bxd5 Rb8 17. b3 a5 18. a4 Ba6 19. Rdd1 Rfc8 20. Bd2 e6
21. Bxa5 exd5 22. Rxd5 Bh6+ 23. Kb2 Bf8 24. Bc3 Bb7 25. Rdd1 Bc6 26. Ra1 d5 27.
exd5 Bxd5 28. Be5 Rb7 29. a5 c4 30. a6 Rb6 31. a7 cxb3 32. c3 Ba8 33. Bb8 Bg7
34. Rhc1 Rbc6 35. Kxb3 Rxc3+ 36. Rxc3 Rxc3+ 37. Kb4 Rb3+ 38. Kxb3 Bxa1 39. Kc4
Kf8 40. Kd3 Ke7 41. Ke3 Ke6 42. Kf4 f6 43. h3 h6 44. Ke3 Kd5 45. Kf4 Be5+ 46.
Ke3 Kc6 47. f4 Bc7 48. g4 Kb7 49. g5 fxg5 50. fxg5 h5 51. h4 Bxb8 52. axb8=Q+
Kxb8 53. Kd4 Kc7 54. Ke5 Kd7 0-1